00972nab a22002177a 4500999001500000003000400015005001700019008004100036040000700077100003800084245009200122260007300214300001500287500003600302505011900338505008200457650002300539650002500562773015400587942001300741 c5577d5577OSt20251219092134.0190429b xxu||||| |||| 00| 0 spa d cPJ 96553aColanzi Zeballos, Alejandro10aCriminología y libertad : b¿casualidad o causalidad? /cAlejandro Colanzi Zeballos. cCiudad Autónoma de Buenos Aires :aThomson Reuters La Ley, b2025. ap. 231-236 aCita: TR LALEY AR/DOC/720/2025. aSumario: I. Introducción.— II. Antecedentes.— III. Planteamiento.— IV. Conclusiones.— V. Bibliografía. tSi te interesa el texto completo, solicitalo a koha@justierradelfuego.gov.ar  09343aDERECHO PENAL 092486aCRIMINOLOGÍA0 0265893164tRevista de derecho penal y criminología. Nº 4 - Mayo 2025dCiudad Autónoma de Buenos Aires : Thomson Reuters La Ley, 2017-x00347914 2udccANA